000 01308nam2a22002771 4500
001 v19\rc\1639561
005 20250618235606.0
035 _a(NLR Aleph) 004753122
090 _a4546727
_c4546727
100 _a20061002d19031904|||y0rusy50 ca
101 0 _arus
102 _aRU
105 _ay z |||||
200 0 _aза 1903 г.
210 _d1903 (обл. 1904)
_aБ. м.
215 _a31, XIII с.
461 0 _1001v19\rc\1639553
_12001#$aОтчет Совета Русского общества деятелей печатного дела...$vза 1903 г.
_94546692
_aРусское о-во деятелей печатного дела (Петербург)
_cСанкт-Петербург
_d1900 (обл. 1904)-1903 (обл. 1904)-1903
_tОтчет Совета Русского общества деятелей печатного дела...
_vза 1903 г.
488 0 _12001#$aТруды Русского общества деятелей печатного дела$v1904, № 12
_tТруды Русского общества деятелей печатного дела
801 0 _aRU
_bNLR
_gpsbo
801 0 _aRU
_bRuMoRGB
_2psbo
801 1 _aRU
_bProSoft-M
_2rusmarc
852 _aNLR
_j20.67.2.128
899 _aRuMoRGB
_jF 93/101
899 _aRuMoRGB
_jРб 47/238
942 _cBOOK
980 _aNB